| 000 | 00563 a2200133 4500 | ||
|---|---|---|---|
| 082 | _aBEE-3 WAS | ||
| 100 |
_aWaseem Khan Lodhi _993198 |
||
| 245 |
_aDesign and Implementation of DC Motor Speed Control and Power Electronics Training Module _cWaseem Khan Lodhi |
||
| 260 |
_aIslamabad : _bNUST School of Electrical Engineering & Computer Science, _c2010. |
||
| 300 |
_a59 p. : _bill. ; _c27 cm. + _e1CD ROM |
||
| 500 | _aSupervisors : Mr. Saifullah Amir, Mr. Arshad Nazir. | ||
| 856 | _uhttp://10.250.8.41:8080/xmlui/handle/123456789/8454 | ||
| 942 |
_cPR _kBEE-3 WAS _2ddc |
||
| 999 |
_c10214 _d10214 |
||